[Event "4NCL Division Three Bishops"]
[Site "Daventry, ENG"]
[Date "2024.05.05"]
[Round "10.43"]
[White "Pang, Ethan"]
[Black "Rabbitt, Michael"]
[Result "1/2-1/2"]
[WhiteElo "1975"]
[BlackElo "1952"]
[PlyCount "100"]
[EventDate "2024.05.05"]
[WhiteTeam "Barnet Knights B"]
[BlackTeam "Brown Jack"]

1. e4 e5 2. Nf3 Nc6 3. Bc4 Bc5 4. c3 Nf6 5. d4 exd4 6. O-O Nxe4 7. cxd4 d5 8. dxc5 dxc4 9. Qe2 Qe7 10. Qxc4 Nxc5 11. b4 Ne6 12. b5 Qb4 13. Ne5 Qxc4 14. Nxc4 Ncd4 15. Nc3 O-O 16. f4 f6 17. Ba3 Re8 18. Rad1 g6 19. Nd5 Kf7 20. Rxd4 Nxd4 21. Nxc7 Nxb5 22. Nxb5 Re7 23. Rf2 Re4 24. Rf1 Re2 25. Nc3 Rc2 26. Nd6+ Kg7 27. Ne8+ Kf7 28. Nd6+ Kg7 29. Rc1 Rxc1+ 30. Bxc1 Be6 31. Bb2 Kf8 32. Nxb7 g5 33. Nc5 Bc4 34. N5e4 gxf4 35. Nxf6 Rd8 36. Nfe4 Kf7 37. Kf2 Kg6 38. Ba3 Rd3 39. Bc5 a6 40. a4 Kf5 41. Nd6+ Ke6 42. Nde4 Bd5 43. Ne2 Bxe4 44. Nxf4+ Kf5 45. Nxd3 Bxd3 46. a5 h5 47. h3 Bb5 48. Kf3 Bc6+ 49. Kg3 Bd5 50. Kf2 Bc6 1/2-1/2

[Event "4NCL Division Three Bishops"]
[Site "Daventry, ENG"]
[Date "2024.05.05"]
[Round "10.44"]
[White "Parker, Francis"]
[Black "Sanitt, Ethan"]
[Result "0-1"]
[WhiteElo "1945"]
[BlackElo "2050"]
[PlyCount "48"]
[EventDate "2024.05.05"]
[WhiteTeam "Brown Jack"]
[BlackTeam "Barnet Knights B"]

1. f4 d5 2. Nf3 c5 3. c4 d4 4. b4 cxb4 5. Bb2 Nc6 6. a3 bxa3 7. Nxa3 Bg4 8. Ne5
Nxe5 9. fxe5 g6 10. Qb3 Bg7 11. Nc2 Nh6 12. Bxd4 O-O 13. e4 b6 14. h3 Bd7 15.
Be2 Bc6 16. d3 Qc7 17. Qb2 Rad8 18. Bc3 f6 19. O-O fxe5 20. Nb4 a5 21. Rxf8+
Rxf8 22. Nxc6 Qxc6 23. Bxe5 Qc5+ 24. d4 Bxe5 0-1

[Event "4NCL Division Three Bishops"]
[Site "Daventry, ENG"]
[Date "2024.05.05"]
[Round "10.45"]
[White "Ethelontis, Alexandros N"]
[Black "Conterno, Dominique"]
[Result "1-0"]
[WhiteElo "2072"]
[BlackElo "1890"]
[PlyCount "61"]
[EventDate "2024.05.05"]
[WhiteTeam "Barnet Knights B"]
[BlackTeam "Brown Jack"]

1. c4 Nf6 2. g3 g6 3. Bg2 Bg7 4. Nc3 O-O 5. d3 e5 6. Rb1 a5 7. e3 Nc6 8. Nge2 d6 9. O-O Be6 10. Nd5 Qd7 11. f4 Bh3 12. e4 Bxg2 13. Kxg2 Nxd5 14. cxd5 Ne7 15. Be3 f5 16. Qb3 a4 17. Qc4 Kh8 18. Nc3 c6 19. fxe5 dxe5 20. dxc6 bxc6 21. Nxa4 f4 22. Bc5 f3+ 23. Kg1 f2+ 24. Rxf2 Rxf2 25. Bxf2 Rf8 26. Nc5 Qh3 27. Qe6 Qh6 28. Rf1 Ng8 29. Nd7 Rf3 30. Nxe5 Rf6 31. Qxf6 1-0

[Event "4NCL Division Three Bishops"]
[Site "Daventry, ENG"]
[Date "2024.05.05"]
[Round "10.46"]
[White "Fernando, Manel"]
[Black "Hung, Jake"]
[Result "1-0"]
[WhiteElo "1720"]
[BlackElo "1930"]
[PlyCount "139"]
[EventDate "2024.05.05"]
[WhiteTeam "Brown Jack"]
[BlackTeam "Barnet Knights B"]

1. d4 d5 2. Bf4 Nf6 3. Nf3 c6 4. c3 Nh5 5. Bg3 Qb6 6. Qc1 g6 7. e3 Bg7 8. Nbd2 Bf5 9. Be2 Nd7 10. Nh4 Nxg3 11. hxg3 Be6 12. e4 c5 13. dxc5 Nxc5 14. exd5 Bxd5 15. Qc2 Qe6 16. c4 Bc6 17. a4 Rd8 18. b4 Bxa1 19. bxc5 Qd7 20. Nhf3 Bxa4 21. Qa2 Bc3 22. O-O Bc6 23. Nb3 Qc7 24. Qxa7 O-O 25. Qa2 Be4 26. Nc1 Qxc5 27. Qb3 Bf6 28. Nd3 Qf5 29. Nf4 g5 30. Nh5 Bh8 31. Nh2 Rd2 32. Bg4 Qc5 33. Nf3 Rd3 34. Qc2 f5 35. Nxg5 fxg4 36. Nxe4 Qd4 37. Ng5 Rf5 38. Ne6 Qc3 39. Qa4 Kf7 40. Nhf4 Rd6 41. Qa8 Rxf4 42. Nxf4 Be5 43. Qxb7 Qxc4 44. Re1 Qc3 45. Qe4 Bf6 46. Qxh7+ Bg7 47. Qe4 Bf6 48. Nh5 Qc5 49. Nxf6 Rxf6 50. Qh7+ Kf8 51. Rf1 Qd4 52. Qc2 Kf7 53. Qe2 Re6 54. Qa2 Qe4 55. Qb1 Qe2 56. Qb3 Kg7 57. Rb1 Rf6 58. Qe3 Qc2 59. Qxe7+ Kg6 60. Rf1 Qf5 61. Qe3 Qc2 62. Re1 Rf5 63. Qe8+ Kg5 64. Qg8+ Kh5 65. Qh8+ Kg5 66. Qh4+ Kg6 67. Re6+ Kf7 68. Qe7+ Kg8 69. Rg6+ Kh8 70. Qg7# 1-0

[Event "4NCL Division Three Bishops"]
[Site "Daventry, ENG"]
[Date "2024.05.05"]
[Round "10.51"]
[White "Kenworthy, Gary"]
[Black "Brackmann, Hendrik"]
[Result "1/2-1/2"]
[WhiteElo "2113"]
[BlackElo "2062"]
[PlyCount "90"]
[EventDate "2024.05.05"]
[WhiteTeam "Shropshire & Friends"]
[BlackTeam "Oxford 2"]

1. e4 c5 2. Nf3 Nc6 3. c3 e6 4. d4 d5 5. exd5 exd5 6. Be3 cxd4 7. Bxd4 Nxd4 8.
Qxd4 a6 9. Nbd2 Nf6 10. Bd3 Bd6 11. O-O O-O 12. Rfe1 Qc7 13. Qh4 h6 14. Nd4 Bf4
15. N2f3 Bg4 16. Nf5 Bxf3 17. gxf3 Bg5 18. Qg3 Ne8 19. h4 Qxg3+ 20. fxg3 Bf6
21. Ne7+ Bxe7 22. Rxe7 Nd6 23. Kf2 Rfe8 24. Rae1 Kf8 25. Rd7 Rxe1 26. Kxe1 Re8+
27. Kd2 Re6 28. Rc7 b5 29. a4 Nc4+ 30. Bxc4 dxc4 31. axb5 axb5 32. Rc5 Rb6 33.
Ke3 Ke7 34. Kd4 Kd6 35. Rd5+ Kc6 36. Rd8 Rb7 37. Rc8+ Kd7 38. Rg8 f6 39. h5 Kc6
40. g4 Rd7+ 41. Ke4 Re7+ 42. Kf4 b4 43. Rc8+ Kd5 44. Rd8+ Kc5 45. Rc8+ Kd5
1/2-1/2

[Event "4NCL Division Three Bishops"]
[Site "Daventry, ENG"]
[Date "2024.05.05"]
[Round "10.52"]
[White "Wilson, Edgar"]
[Black "Grillage, Andrew"]
[Result "1/2-1/2"]
[WhiteElo "1954"]
[BlackElo "2005"]
[PlyCount "73"]
[EventDate "2024.05.05"]
[WhiteTeam "Oxford 2"]
[BlackTeam "Shropshire & Friends"]

1. e4 d5 2. exd5 Qxd5 3. Nf3 Bg4 4. Be2 Bxf3 5. Bxf3 Qe5+ 6. Qe2 Qxe2+ 7. Kxe2
c6 8. d4 e6 9. Bf4 Nf6 10. c4 Be7 11. Nc3 Nbd7 12. Rhd1 Rd8 13. a3 O-O 14. Kf1
Rfe8 15. g4 Nb6 16. g5 Nfd7 17. b3 Nf8 18. h4 Rd7 19. c5 Nd5 20. Nxd5 exd5 21.
Bg4 Rdd8 22. Re1 f6 23. Bc7 Ra8 24. Bd6 Kf7 25. Bf4 g6 26. Rad1 f5 27. Bf3 Ne6
28. Be5 Bf8 29. Kg2 Bg7 30. Bxg7 Nxg7 31. b4 Rxe1 32. Rxe1 Re8 33. Rd1 Ne6 34.
Kg3 Nc7 35. a4 a6 36. h5 Ne6 37. Kh4 1/2-1/2

[Event "4NCL Division Three Bishops"]
[Site "Daventry, ENG"]
[Date "2024.05.05"]
[Round "10.53"]
[White "Higgie, Charles L"]
[Black "Foster, Timothy"]
[Result "0-1"]
[WhiteElo "1902"]
[BlackElo "1902"]
[PlyCount "72"]
[EventDate "2024.05.05"]
[WhiteTeam "Shropshire & Friends"]
[BlackTeam "Oxford 2"]

1. d4 Nf6 2. c4 g6 3. Nc3 Bg7 4. e4 d6 5. f3 O-O 6. Be3 c5 7. Nge2 Nc6 8. d5
Ne5 9. Ng3 h5 10. Be2 h4 11. Nf1 e6 12. dxe6 Bxe6 13. Nd2 h3 14. g4 Nh7 15. O-O
f5 16. gxf5 gxf5 17. f4 Nc6 18. exf5 Bxf5 19. Nf3 Qe8 20. Qd2 Qg6+ 21. Ng5 Nd4
22. Bf3 Nc2 23. Bxb7 Nxe3 24. Bxa8 Rxa8 25. Rf3 Bd4 26. Kh1 Nxg5 27. fxg5 Be4
28. Nxe4 Qxe4 29. Qe2 Rb8 30. b3 Bxa1 31. Qxe3 Qb1+ 32. Qg1 Qxg1+ 33. Kxg1 Rf8
34. Rxh3 Bd4+ 35. Kg2 Rf2+ 36. Kg3 Rxa2 0-1

[Event "4NCL Division Three Bishops"]
[Site "Daventry, ENG"]
[Date "2024.05.05"]
[Round "10.54"]
[White "Murawski, Jan"]
[Black "Pugh, Glyn D"]
[Result "1-0"]
[WhiteElo "1963"]
[BlackElo "1873"]
[PlyCount "79"]
[EventDate "2024.05.05"]
[WhiteTeam "Oxford 2"]
[BlackTeam "Shropshire & Friends"]

1. d4 d5 2. c4 dxc4 3. e4 b5 4. a4 c6 5. axb5 cxb5 6. Nc3 Qb6 7. Nd5 Qb7 8. Bf4
e5 9. Bxe5 Nd7 10. Bf4 Ngf6 11. Nc7+ Kd8 12. Nxa8 Qxe4+ 13. Ne2 Bb4+ 14. Bd2
Bxd2+ 15. Qxd2 Qxa8 16. Qa5+ Ke7 17. Qb4+ Kd8 18. Qxb5 Re8 19. Qa5+ Ke7 20.
Qa3+ Kd8 21. Qxa7 Qe4 22. Qa5+ Ke7 23. f3 Qe6 24. Qb4+ Kd8 25. Qa5+ Ke7 26.
Qa3+ Kd8 27. O-O-O Nd5 28. Nc3 Qh6+ 29. Kb1 Ne3 30. Re1 Qg6+ 31. Ne4 Nxf1 32.
Rhxf1 Re6 33. Qa5+ Rb6 34. Qg5+ Qxg5 35. Nxg5 c3 36. Nxf7+ Kc7 37. Rf2 Nf6 38.
Kc1 Bf5 39. g4 Be6 40. bxc3 1-0

[Event "4NCL Division Three Bishops"]
[Site "Daventry, ENG"]
[Date "2024.05.05"]
[Round "10.55"]
[White "Bryant, Richard B E"]
[Black "Hertog, Alexander"]
[Result "0-1"]
[WhiteElo "1859"]
[BlackElo "1887"]
[PlyCount "66"]
[EventDate "2024.05.05"]
[WhiteTeam "Shropshire & Friends"]
[BlackTeam "Oxford 2"]

1. e4 c6 2. Nc3 d5 3. Qf3 d4 4. Bc4 e6 5. Nce2 b5 6. Bd3 e5 7. c3 dxc3 8. dxc3
Bd6 9. Nh3 h6 10. Bc2 Nd7 11. Qg3 Ngf6 12. Be3 g5 13. f3 Nh5 14. Qf2 Nb6 15. b3
Ba3 16. Rd1 Qc7 17. Ng3 Nf4 18. Nf5 Bxf5 19. exf5 O-O 20. Ng1 Nbd5 21. Bxf4
exf4 22. h4 Qe5+ 23. Ne2 Rfe8 24. Be4 Ne3 25. hxg5 Bb2 26. Rxh6 Rad8 27. Rc1
Bxc1 28. Nd4 Rxd4 29. cxd4 Qxd4 30. Qe2 Rd8 31. Rxc6 Bd2+ 32. Kf2 Ng4+ 33. Kf1
Qa1+ 0-1

[Event "4NCL Division Three Bishops"]
[Site "Daventry, ENG"]
[Date "2024.05.05"]
[Round "10.56"]
[White "Staples, Neil"]
[Black "Bailey, Adrian"]
[Result "1-0"]
[WhiteElo "1848"]
[BlackElo "1784"]
[PlyCount "75"]
[EventDate "2024.05.05"]
[WhiteTeam "Oxford 2"]
[BlackTeam "Shropshire & Friends"]

1. c4 Nf6 2. g3 g6 3. Bg2 Bg7 4. Nc3 O-O 5. e4 d6 6. Nge2 c5 7. O-O Nc6 8. d3 Rb8 9. a3 a6 10. Rb1 b5 11. cxb5 axb5 12. b4 cxb4 13. axb4 e5 14. h3 Be6 15. f4 Qb6+ 16. Kh2 Rbe8 17. f5 Bd7 18. g4 Nd4 19. g5 Bc6 20. gxf6 Bxf6 21. Bh6 Nxe2 22. Nxe2 g5 23. Bxf8 Rxf8 24. Ng3 Ra8 25. Nh5 Qd8 26. Ra1 Be7 27. Rxa8 Qxa8 28. Qa1 Qb7 29. Qc3 Be8 30. f6 Bf8 31. Rc1 Bd7 32. Qc7 Qxc7 33. Rxc7 Be8 34. Rc8 Bd7 35. Rb8 Bc6 36. Ng3 Bd7 37. Nf5 Bxf5 38. exf5 1-0

[Event "4NCL Division Three Bishops"]
[Site "Daventry, ENG"]
[Date "2024.05.05"]
[Round "10.61"]
[White "Muetsch, Annmarie"]
[Black "Duncan, Patrick C M"]
[Result "1-0"]
[WhiteElo "2283"]
[BlackElo "2094"]
[PlyCount "59"]
[EventDate "2024.05.05"]
[WhiteTeam "She Plays To Win Lionesses"]
[BlackTeam "The MASCeteers"]

1. e4 c6 2. d4 d5 3. e5 Bf5 4. Ne2 e6 5. Ng3 Bg6 6. h4 h5 7. c4 Ne7 8. Nc3 dxc4
9. Bg5 Qb6 10. Bxc4 Qxb2 11. Rc1 Nf5 12. Nge2 Bb4 13. Rh3 Ne7 14. Kf1 Bxc3 15.
Rhxc3 Qb6 16. Nf4 Be4 17. Rb3 Qc7 18. Nxh5 Kf8 19. Nxg7 Kxg7 20. Bf6+ Kg8 21.
Rg3+ Bg6 22. h5 Rh7 23. Kg1 Rh6 24. hxg6 Nxg6 25. Qd2 Rh7 26. Bxe6 fxe6 27.
Rxg6+ Kf7 28. Qg5 Ke8 29. Rg8+ Kd7 30. Qg6 1-0

[Event "4NCL Division Three Bishops"]
[Site "Daventry, ENG"]
[Date "2024.05.05"]
[Round "10.62"]
[White "Moss, Jack"]
[Black "Weersing, Abigail Riis"]
[Result "1-0"]
[WhiteElo "1872"]
[BlackElo "1971"]
[PlyCount "105"]
[EventDate "2024.05.05"]
[WhiteTeam "The MASCeteers"]
[BlackTeam "She Plays To Win Lionesses"]

1. d4 Nf6 2. Nf3 d5 3. g3 Bf5 4. Bg2 e6 5. c4 c6 6. Nc3 Be7 7. Qb3 Qb6 8. c5 Qxb3 9. axb3 Nbd7 10. b4 a6 11. h3 h6 12. g4 Bg6 13. Bf4 O-O 14. Nd2 Rfd8 15. Nb3 b6 16. Bc7 Rf8 17. O-O Ne8 18. Bg3 f5 19. gxf5 exf5 20. Nxd5 cxd5 21. Bxd5+ Bf7 22. Bxa8 Bxb3 23. Rxa6 f4 24. Ra7 Be6 25. Bh2 Bxh3 26. Bd5+ Kh8 27. Bg2 Bg4 28. c6 Bxb4 29. cxd7 Nf6 30. Bxf4 Bxe2 31. Rc1 Nxd7 32. Bxh6 Bg4 33. Be3 Bd6 34. Ra8 Bb8 35. Rc6 Bh2+ 36. Kxh2 Rxa8 37. Rg6 Bf5 38. Rg5 Rf8 39. Rh5+ Bh7 40. d5 Nf6 41. Rh4 b5 42. d6 Rd8 43. Bc5 g5 44. Rd4 Bf5 45. b4 Bd7 46. Rd1 Re8 47. Ra1 Kg7 48. Ra7 Kg6 49. Rc7 Rh8+ 50. Kg1 Kf7 51. Bd4 Rd8 52. Bb6 Ne8 53. Rxd7+ 1-0

[Event "4NCL Division Three Bishops"]
[Site "Daventry, ENG"]
[Date "2024.05.05"]
[Round "10.63"]
[White "Raajesh, Srimathi"]
[Black "Vaidyanathan, Sathya"]
[Result "0-1"]
[WhiteElo "1902"]
[BlackElo "1871"]
[PlyCount "70"]
[EventDate "2024.05.05"]
[WhiteTeam "She Plays To Win Lionesses"]
[BlackTeam "The MASCeteers"]

1. e4 e5 2. Nf3 Nc6 3. d4 exd4 4. Bc4 Nf6 5. e5 d5 6. Bb5 Ne4 7. Nxd4 Bd7 8. Bxc6 bxc6 9. O-O Bc5 10. f3 Ng5 11. f4 Ne4 12. Be3 Bb6 13. Nc3 Nxc3 14. bxc3 O-O 15. Qf3 Bxd4 16. cxd4 Bf5 17. Qe2 a6 18. g4 Be4 19. f5 f6 20. e6 Qe7 21. c3 Qa3 22. Qe1 Rab8 23. Bc1 Qe7 24. Qd1 Rb6 25. Qa4 Rfb8 26. Ba3 Qe8 27. Bb4 g6 28. Qd1 a5 29. Ba3 gxf5 30. gxf5 Bxf5 31. e7 Qg6+ 32. Kf2 Qh6 33. Qf3 Rb2+ 34. Bxb2 Rxb2+ 35. Qe2 Qxh2+ 0-1

[Event "4NCL Division Three Bishops"]
[Site "Daventry, ENG"]
[Date "2024.05.05"]
[Round "10.64"]
[White "Dos Santos Silva, Bruno Alexandre"]
[Black "Rida, Ruqayyah"]
[Result "0-1"]
[WhiteElo "1852"]
[BlackElo "1922"]
[PlyCount "72"]
[EventDate "2024.05.05"]
[WhiteTeam "The MASCeteers"]
[BlackTeam "She Plays To Win Lionesses"]

1. d4 Nf6 2. Nc3 d5 3. Bf4 g6 4. e3 Bg7 5. h4 h5 6. Nf3 O-O 7. Ne5 c5 8. Qd2 Bf5 9. O-O-O Nc6 10. f3 Nd7 11. g4 Ndxe5 12. gxf5 cxd4 13. exd4 Nxf3 14. Qg2 Nfxd4 15. Nxd5 e6 16. fxe6 fxe6 17. Nc7 Rxf4 18. Nxe6 Qf6 19. Nxf4 Qxf4+ 20. Kb1 Qf6 21. Bc4+ Kh7 22. c3 Nf5 23. Qf2 Ne5 24. Bb3 Ng4 25. Qe1 Nfe3 26. Rd2 Re8 27. Bc2 Qb6 28. Rd7 Nc4 29. Qc1 Re2 30. Bb3 Rxb2+ 31. Ka1 Rxb3 32. Rxg7+ Kxg7 33. axb3 Qxb3 34. Re1 Nge5 35. Re2 Nd3 36. Qf1 Qxc3+ 0-1

[Event "4NCL Division Three Bishops"]
[Site "Daventry, ENG"]
[Date "2024.05.05"]
[Round "10.65"]
[White "Maton, Emily"]
[Black "Drugan, Mark A"]
[Result "1-0"]
[WhiteElo "1912"]
[BlackElo "1783"]
[PlyCount "69"]
[EventDate "2024.05.05"]
[WhiteTeam "She Plays To Win Lionesses"]
[BlackTeam "The MASCeteers"]

1. d4 Nf6 2. c4 g6 3. Nc3 Bg7 4. e4 d6 5. h3 O-O 6. Be3 e5 7. d5 a5 8. g4 c6 9. f3 Qe7 10. Qd2 Bd7 11. O-O-O c5 12. Nge2 Na6 13. Ng3 Nc7 14. h4 Nxg4 15. fxg4 Bxg4 16. Be2 Bxe2 17. Qxe2 Qd7 18. Rdg1 f6 19. h5 g5 20. Nf5 h6 21. Qg4 Qd8 22. Nd1 b5 23. cxb5 Nxb5 24. Nf2 Nd4 25. Bxd4 cxd4 26. Kb1 Rc8 27. Rc1 Rc7 28. Rxc7 Qxc7 29. Rc1 Qb8 30. Ne7+ Kh8 31. Ng6+ Kh7 32. Nxf8+ Bxf8 33. Qf5+ Kg7 34. Qg6+ Kh8 35. Qxf6+ 1-0

[Event "4NCL Division Three Bishops"]
[Site "Daventry, ENG"]
[Date "2024.05.05"]
[Round "10.66"]
[White "Amir, Zain"]
[Black "Ashton, Alannah"]
[Result "0-1"]
[WhiteElo "1652"]
[BlackElo "1853"]
[PlyCount "116"]
[EventDate "2024.05.05"]
[WhiteTeam "The MASCeteers"]
[BlackTeam "She Plays To Win Lionesses"]

1. d4 Nf6 2. Bf4 g6 3. Nc3 d5 4. e3 Bg7 5. h4 h5 6. Nf3 O-O 7. Be2 c5 8. Nb5 a6 9. Nc7 Ra7 10. Nxd5 Nxd5 11. Bxb8 Ra8 12. Be5 Bxe5 13. Nxe5 cxd4 14. exd4 Nf4 15. Bf3 Qb6 16. b3 Rd8 17. c3 Qa5 18. Qd2 Ne6 19. Nc4 Qc7 20. O-O Rb8 21. Qe3 b5 22. Ne5 Bb7 23. Bxb7 Rxb7 24. Nxg6 b4 25. c4 Rxd4 26. g3 Rd8 27. Rad1 Rxd1 28. Rxd1 Qa5 29. Rd2 Qf5 30. Nf4 Nxf4 31. Qxf4 Qxf4 32. gxf4 Kg7 33. Kg2 Rb6 34. Rd5 Kg6 35. Kf3 e6 36. f5+ exf5 37. Kf4 Re6 38. Rxf5 Re2 39. Ra5 Rxf2+ 40. Kg3 Rf6 41. Ra4 Rb6 42. c5 Rc6 43. Rxb4 Rxc5 44. Rb6+ Kf5 45. Rxa6 Rc3+ 46. Kg2 Rc2+ 47. Kf3 Rc3+ 48. Ke2 Kg4 49. Ra4+ Kg3 50. b4 f5 51. b5 f4 52. b6 f3+ 53. Kd2 f2 54. b7 Rd3+ 55. Ke2 Rd8 56. Ra3+ Kg2 57. Rf3 Re8+ 58. Re3 f1=Q+ 0-1

[Event "4NCL Division Three Bishops"]
[Site "Daventry, ENG"]
[Date "2024.05.06"]
[Round "11.11"]
[White "Okhai, Shabir"]
[Black "Michaud, Gerald"]
[Result "1-0"]
[WhiteElo "2086"]
[BlackElo "1917"]
[PlyCount "27"]
[EventDate "2024.05.06"]
[WhiteTeam "The Rookies"]
[BlackTeam "Sussex Martlets 3"]

1. e4 c6 2. d4 d5 3. e5 c5 4. dxc5 e6 5. a3 Nd7 6. b4 Nxe5 7. Bb2 Nd7 8. Nf3 Ngf6 9. c4 dxc4 10. Nbd2 c3 11. Bxc3 Qc7 12. Bb5 Be7 13. Be5 Qd8 14. c6 1-0

[Event "4NCL Division Three Bishops"]
[Site "Daventry, ENG"]
[Date "2024.05.06"]
[Round "11.12"]
[White "Howell, Susan C"]
[Black "Byron, Alan M"]
[Result "0-1"]
[WhiteElo "1803"]
[BlackElo "2110"]
[PlyCount "72"]
[EventDate "2024.05.06"]
[WhiteTeam "Sussex Martlets 3"]
[BlackTeam "The Rookies"]

1. d4 Nf6 2. c4 g6 3. Nc3 Bg7 4. e4 d6 5. Be3 Ng4 6. Qd2 Nxe3 7. fxe3 Nc6 8. Be2 e5 9. d5 Nb8 10. Nf3 Nd7 11. O-O a5 12. Bd1 Nc5 13. Bc2 O-O 14. Qf2 Bd7 15. a3 a4 16. Nd2 f5 17. exf5 gxf5 18. Nf3 Qf6 19. Qh4 Qg6 20. Qg5 Qxg5 21. Nxg5 Bh6 22. h4 Rad8 23. Nb5 Bxb5 24. cxb5 e4 25. Rab1 Rd7 26. g3 Bxg5 27. hxg5 Rg7 28. b4 axb3 29. Bxb3 b6 30. Bc4 Rxg5 31. Kg2 Kg7 32. Rh1 Ra8 33. Ra1 Rf8 34. Be2 Rg6 35. Rh4 Rh6 36. Rf4 Rf7 0-1

[Event "4NCL Division Three Bishops"]
[Site "Daventry, ENG"]
[Date "2024.05.06"]
[Round "11.13"]
[White "Burrows, Martin P"]
[Black "Howell, Chris I"]
[Result "1-0"]
[WhiteElo "2114"]
[BlackElo "1873"]
[PlyCount "73"]
[EventDate "2024.05.06"]
[WhiteTeam "The Rookies"]
[BlackTeam "Sussex Martlets 3"]

1. e4 c5 2. Nf3 Nc6 3. d4 cxd4 4. Nxd4 Nf6 5. Nc3 e5 6. Ndb5 d6 7. Bg5 a6 8. Na3 b5 9. Nd5 Qa5+ 10. Bd2 Qd8 11. Bd3 Be6 12. c4 Nd4 13. O-O Be7 14. Nxf6+ Bxf6 15. cxb5 axb5 16. Nxb5 O-O 17. Nxd4 exd4 18. a4 Ra7 19. b4 Qa8 20. b5 Bd8 21. Bb4 Bc7 22. Re1 Rd8 23. Bc2 Bb6 24. Qd3 g6 25. Qd2 Bc4 26. Rac1 d3 27. Bxd3 Bxd3 28. Qxd3 Rxa4 29. Bc3 Ra2 30. Bd4 Ba5 31. Re2 Rxe2 32. Qxe2 Re8 33. Ba1 Qd8 34. Qb2 f6 35. f3 Bb6+ 36. Kh1 Be3 37. Qb3+ 1-0

[Event "4NCL Division Three Bishops"]
[Site "Daventry, ENG"]
[Date "2024.05.06"]
[Round "11.14"]
[White "Wannasin Bell, Charlie"]
[Black "Compton, Alistair"]
[Result "0-1"]
[WhiteElo "1715"]
[BlackElo "2084"]
[PlyCount "66"]
[EventDate "2024.05.06"]
[WhiteTeam "Sussex Martlets 3"]
[BlackTeam "The Rookies"]

1. b4 c6 2. Bb2 Qb6 3. a3 a5 4. c4 e6 5. e3 axb4 6. c5 Qd8 7. axb4 Rxa1 8. Bxa1 Nf6 9. Nf3 d6 10. d4 dxc5 11. bxc5 b6 12. Qb3 Nbd7 13. Bc4 bxc5 14. Bxe6 fxe6 15. Qxe6+ Be7 16. Qxc6 O-O 17. O-O Qb6 18. Qxb6 Nxb6 19. Rc1 c4 20. Nbd2 Ba6 21. e4 Rc8 22. d5 Na4 23. Bd4 c3 24. Nb3 Ba3 25. Ra1 c2 26. Be3 Nc5 27. Bxc5 Bxc5 28. Rxa6 Nxe4 29. Rc6 Bxf2+ 30. Kf1 Rxc6 31. dxc6 Be3 32. Ne5 Nd2+ 33. Nxd2 c1=Q+ 0-1

[Event "4NCL Division Three Bishops"]
[Site "Daventry, ENG"]
[Date "2024.05.06"]
[Round "11.15"]
[White "Gibson, Christopher A"]
[Black "Woods, Timothy J"]
[Result "1-0"]
[WhiteElo "1916"]
[BlackElo "1672"]
[PlyCount "59"]
[EventDate "2024.05.06"]
[WhiteTeam "The Rookies"]
[BlackTeam "Sussex Martlets 3"]

1. e4 d6 2. d4 Nf6 3. Nc3 g6 4. f4 Bg7 5. a3 O-O 6. Nf3 Nc6 7. Be2 e5 8. dxe5 dxe5 9. Qxd8 Rxd8 10. fxe5 Nd7 11. Nd5 Ndxe5 12. Nxc7 Rb8 13. c3 Bg4 14. Nd5 Rbc8 15. Bg5 Re8 16. h3 Be6 17. Nxe5 Nxe5 18. Ne7+ Rxe7 19. Bxe7 Nc4 20. Bxc4 Rxc4 21. O-O-O h5 22. Rd8+ Kh7 23. Re1 Rc6 24. Rd6 Rc4 25. Bg5 Be5 26. Rd8 Kg7 27. Be3 a6 28. Bd4 Bxd4 29. Rxd4 Rc7 30. Kd2 1-0

[Event "4NCL Division Three Bishops"]
[Site "Daventry, ENG"]
[Date "2024.05.06"]
[Round "11.16"]
[White "Blin, Henri"]
[Black "Jaszkiwskyj, Peter"]
[Result "1/2-1/2"]
[WhiteElo "1545"]
[BlackElo "1967"]
[PlyCount "52"]
[EventDate "2024.05.06"]
[WhiteTeam "Sussex Martlets 3"]
[BlackTeam "The Rookies"]

1. e4 e6 2. d4 d5 3. exd5 exd5 4. Bd3 Bd6 5. Nf3 Nf6 6. O-O O-O 7. h3 Nbd7 8. Nbd2 b6 9. Re1 Re8 10. Nf1 Ne4 11. c4 c6 12. Qc2 Ndf6 13. Ng5 Nxg5 14. Bxg5 Be6 15. Bxh7+ Kh8 16. cxd5 cxd5 17. Bd3 Rc8 18. Qd2 Be7 19. Ng3 Qd7 20. a4 Red8 21. Bb5 Qd6 22. Rac1 Kh7 23. Bf4 Qb4 24. Qxb4 Bxb4 25. Red1 Ne8 26. Bd3+ g6 1/2-1/2

[Event "4NCL Division Three Bishops"]
[Site "Daventry, ENG"]
[Date "2024.05.06"]
[Round "11.21"]
[White "Truran, Michael C"]
[Black "Paterson, Andrew I"]
[Result "1/2-1/2"]
[WhiteElo "2110"]
[BlackElo "2128"]
[PlyCount "37"]
[EventDate "2024.05.06"]
[WhiteTeam "Brown Jack"]
[BlackTeam "Warwickshire Select 2"]

1. d4 Nf6 2. c4 g6 3. Nc3 Bg7 4. e4 d6 5. f3 O-O 6. Bg5 c5 7. d5 a6 8. a4 Nbd7 9. Nh3 h6 10. Be3 Kh7 11. Be2 Re8 12. O-O Nf8 13. Nf4 b6 14. Qc2 Qc7 15. Rab1 N8d7 16. Qd2 Rb8 17. Rbd1 Ne5 18. Rfe1 Rb7 19. Kh1 1/2-1/2

[Event "4NCL Division Three Bishops"]
[Site "Daventry, ENG"]
[Date "2024.05.06"]
[Round "11.22"]
[White "Mason, Donald J"]
[Black "Ogunshola, Ben"]
[Result "1/2-1/2"]
[WhiteElo "2110"]
[BlackElo "2042"]
[PlyCount "37"]
[EventDate "2024.05.06"]
[WhiteTeam "Warwickshire Select 2"]
[BlackTeam "Brown Jack"]

1. d4 Nf6 2. c4 g6 3. Nc3 Bg7 4. e4 d6 5. Be2 Na6 6. Bg5 h6 7. Be3 c6 8. h3 Qa5 9. Qd2 e5 10. Nf3 exd4 11. Nxd4 Nc5 12. O-O O-O 13. Nb3 Nxb3 14. axb3 Qe5 15. f4 Qe7 16. Bf3 Re8 17. Rfe1 a6 18. Rad1 Bf8 19. b4 1/2-1/2

[Event "4NCL Division Three Bishops"]
[Site "Daventry, ENG"]
[Date "2024.05.06"]
[Round "11.23"]
[White "Rabbitt, Michael"]
[Black "Baer, Bruce L"]
[Result "0-1"]
[WhiteElo "1952"]
[BlackElo "2092"]
[PlyCount "88"]
[EventDate "2024.05.06"]
[WhiteTeam "Brown Jack"]
[BlackTeam "Warwickshire Select 2"]

1. e4 g6 2. d4 Bg7 3. Nf3 d6 4. Be2 Nf6 5. Nc3 O-O 6. h3 a6 7. a4 Nc6 8. O-O e5 9. d5 Ne7 10. Re1 h6 11. Bf1 Nh5 12. a5 Qe8 13. Na4 f5 14. exf5 gxf5 15. c4 f4 16. c5 Bf5 17. cxd6 cxd6 18. Nb6 Rd8 19. Ra4 Bf6 20. Bd3 Qg6 21. Bxf5 Nxf5 22. Nd2 Kh8 23. Kh1 Rg8 24. g4 fxg3 25. Rg4 gxf2 26. Rxg6 fxe1=Q+ 27. Qxe1 Rxg6 28. Ne4 Bh4 29. Qd1 Rdg8 30. Nc4 Nhg3+ 31. Nxg3 Nxg3+ 32. Kh2 Rf8 33. Be3 Nf1+ 34. Kh1 Rg3 35. Bg1 Rxh3+ 36. Kg2 Rg3+ 37. Kh1 Rg5 38. Bb6 Ng3+ 39. Kh2 Ne4 40. Qe2 Bg3+ 41. Kh1 Rf4 42. Be3 Rh4+ 43. Kg1 Bf2+ 44. Kf1 Rg1# 0-1

[Event "4NCL Division Three Bishops"]
[Site "Daventry, ENG"]
[Date "2024.05.06"]
[Round "11.24"]
[White "Fellowes, Billy"]
[Black "Pereslavtsev, Alexandr"]
[Result "1-0"]
[WhiteElo "2093"]
[BlackElo "1947"]
[PlyCount "84"]
[EventDate "2024.05.06"]
[WhiteTeam "Warwickshire Select 2"]
[BlackTeam "Brown Jack"]

1. g3 d5 2. Bg2 c5 3. Nf3 Nc6 4. d3 e5 5. O-O Be7 6. Nbd2 Be6 7. e4 d4 8. Qe2 g5 9. Nc4 Bf6 10. a4 g4 11. Nfd2 h5 12. Nb3 Qe7 13. a5 h4 14. Bd2 O-O-O 15. Ra3 Kb8 16. Rb1 Nb4 17. a6 b6 18. c3 dxc3 19. bxc3 Nxd3 20. Nba5 Qc7 21. Rab3 Ka8 22. Nxb6+ axb6 23. Rxb6 Ne7 24. a7 Bc8 25. Be3 Rd6 26. Rxd6 Qxd6 27. Nc4 Qd8 28. Qa2 Nb4 29. Rxb4 cxb4 30. Nb6+ Qxb6 31. Bxb6 bxc3 32. Qc4 Bb7 33. Qxc3 Rc8 34. Qd2 h3 35. Bf1 Bxe4 36. Qd6 Nd5 37. Bc5 Bf3 38. Ba6 Be7 39. Qd7 Nb6 40. Qxe7 Rxc5 41. Qxc5 Kxa7 42. Bc8 Kb8 1-0